| 000 | 01222nam0a2200337 4500 | ||
|---|---|---|---|
| 001 | RU\NLR\BIBL_A\022542762 | ||
| 005 | 20250804154837.0 | ||
| 010 |
_a978-5-17-163156-7 _92000 |
||
| 021 |
_aRU _bКН-П-25-015717 _9КН-П-25-1603 |
||
| 035 | _a(NLR Aleph) 022542762 | ||
| 090 |
_a13461338 _c13461338 |
||
| 100 | _a20250516d2025 u y0rusy50 ca | ||
| 101 | 1 |
_arus _cice |
|
| 102 | _aRU | ||
| 105 | _aa z 000ay | ||
| 181 | 0 |
_ai _baxxe |
|
| 182 | 0 | _an | |
| 200 | 1 |
_aТы меня не видишь _e[роман] _fЭва Бьёрг Айисдоттир _gперевод с исландского Ольги Маркеловой |
|
| 203 |
_aТекст _bвизуальный _cнепосредственный |
||
| 210 |
_aМосква _cАСТ, Жанровая литература _d2025 |
||
| 215 |
_a381, [1] с. _cил. _d21 |
||
| 225 | 1 | _aNoirthriller | |
| 225 | 1 | _aСерия "Скандинавский нуар" | |
| 333 | _a18+ | ||
| 686 | 1 | _aШ6(4Ил)67-440.4{Лх1450-50} | |
| 700 | 0 |
_aЭва Бьёрг Айисдоттир _f1988- _3RU\NLR\AUTH\770275545 |
|
| 942 | _cBOOK | ||
| 980 | _aNB | ||